| 000 | 00671nam a2200205Ia 4500 | ||
|---|---|---|---|
| 008 | 140529s9999 xx 000 0 und d | ||
| 020 | _a9780702046216 | ||
| 050 |
_aRS 189 _b.W332p 2012 |
||
| 100 | _aWatson, David G. | ||
| 245 |
_aPharmaceutical analysis : _ba textbook for pharmacy students and pharmaceutical chemists / _cDavid G. Watson |
||
| 250 | _a3rd ed. | ||
| 260 |
_aEdinburgh : _bElsevier Churchill Livingstone, _cc2012. |
||
| 300 |
_a427 p. : _bill. ; _c25 cm. |
||
| 500 | _aIncludes index. | ||
| 650 |
_aDrugs _xAnalysis. |
||
| 650 |
_aSpectrophotometry _x Methods. |
||
| 650 |
_aSpectrum Analysis _x Methods. |
||
| 942 |
_kFOR _cBK |
||
| 999 |
_c117574 _d117574 |
||